| 000 | 00860nam a22001935i 4500 | ||
|---|---|---|---|
| 001 | 161897 | ||
| 003 | ES-MaACL | ||
| 005 | 20250814001154.0 | ||
| 008 | 041028s1889 sp |||| | spa d | ||
| 040 |
_aCAM _bspa _cCAM |
||
| 100 | 1 |
_aPérez Ortega, Arturo. _991066 |
|
| 245 | 1 | 0 |
_aDiscursos leídos en la sesión de aniversario celebrada por la Sociedad Española de Hidrología médica el día 24 de Febrero de 1889 / _cpor Arturo Perez Ortega y por Amós Calderón y Martínez. |
| 260 |
_aMadrid : _b[s.n.], _c1889 ( _fEstablecimiento tipográfico de Enrique Teodoro) |
||
| 300 |
_a39 p. ; _c26 cm. |
||
| 610 | 2 | 0 |
_aSociedad Española de Hidrología Médica _9226586 |
| 700 | 1 | 1 |
_aCalderón y Martínez, Amós. _933633 |
| 852 |
_aES-MaACL _jT-524-F-13 _z-- Enc. hol. conservando la cub. original _z-- Enc. en un vol. facticio |
||
| 999 |
_c161897 _d161897 |
||